Protection Integree en Riziculture Aulac Alaotra Rapport d'Activite

Wedi'i Gadw mewn:
Manylion Llyfryddiaeth
Prif Awdur: Delucchi, V
Fformat: Llyfr
Iaith:Undetermined
Cyhoeddwyd: Zurich Ambohihitsilaozana 1987
Pynciau:
Tagiau: Ychwanegu Tag
Dim Tagiau, Byddwch y cyntaf i dagio'r cofnod hwn!
Thư viện lưu trữ: Trung tâm Học liệu Trường Đại học Cần Thơ
LEADER 00548nam a2200193Ia 4500
001 CTU_138255
008 210402s9999 xx 000 0 und d
082 |a 633.18 
082 |b D331/Vol.3 
100 |a Delucchi, V 
245 0 |a Protection Integree en Riziculture Aulac Alaotra Rapport d'Activite 
245 0 |c V Delucchi 
260 |a Zurich 
260 |b Ambohihitsilaozana 
260 |c 1987 
650 |a Rice,Lúa 
650 |x Planting,Trồng trọt 
904 |i Tuyến 
980 |a Trung tâm Học liệu Trường Đại học Cần Thơ